[Event "BUL-chT2 64th"]
[Site "Sunny Beach"]
[Date "2015.06.02"]
[Round "3.3"]
[White "Stoynov, Yordan"]
[Black "Paunchev, Dimitar"]
[Result "0-1"]
[WhiteElo "2218"]
[BlackElo "2055"]
[PlyCount "92"]
[EventDate "2015.05.31"]
[EventType "team-swiss"]
[EventRounds "7"]
[EventCountry "BUL"]
[SourceTitle "CBM 166 Extra"]
[Source "ChessBase"]
[SourceDate "2015.06.18"]
[SourceVersion "1"]
[SourceVersionDate "2015.06.18"]
[SourceQuality "1"]
[WhiteTeam "Blagoevgrad Victory"]
[BlackTeam "Stara Zagora Trayana"]
[WhiteTeamCountry "BUL"]
[BlackTeamCountry "BUL"]

1. e4 d6 2. d4 g6 3. Nc3 Bg7 4. g3 Nf6 5. Bg2 0-0 6. Nge2 e5 7. 0-0 c6 8. h3 Nbd7 9. Be3 Re8 10. g4 h6 11. Qd2 Kh7 12. Rad1 Qe7 13. d5 c5 14. g5 Ng8 15. h4 h5 16. Ng3 f6 17. Nb5 Nb6 18. b3 a6 19. Nc3 Rf8 20. Qe2 Bg4 21. f3 Bd7 22. Nb1 Nc8 23. Kh2 Qe8 24. Nd2 b5 25. Bh3 Nb6 26. Bxd7 Nxd7 27. a4 Nb6 28. axb5 axb5 29. Ra1 Qd7 30. b4 Na4 31. bxc5 Nxc5 32. Rg1 Ne7 33. Rxa8 Rxa8 34. Nxh5 gxh5 35. f4 f5 36. Qxh5+ Kg8 37. g6 Ra3 38. Rg3 exf4 39. Bxf4 Rxg3 40. Bxg3 fxe4 41. Qh7+ Kf8 42. h5 Nf5 43. Bf4 Qe7 44. Kg2 Qh4 45. h6 Qg4+ 46. Kh1 Qh3+ 0-1

[Event "BUL-chT2 64th"]
[Site "Sunny Beach"]
[Date "2015.06.01"]
[Round "2.3"]
[White "Tilicheev, Viacheslav"]
[Black "Stoynov, Yordan"]
[Result "1-0"]
[WhiteElo "2408"]
[BlackElo "2218"]
[PlyCount "49"]
[EventDate "2015.05.31"]
[EventType "team-swiss"]
[EventRounds "7"]
[EventCountry "BUL"]
[SourceTitle "CBM 166 Extra"]
[Source "ChessBase"]
[SourceDate "2015.06.18"]
[SourceVersion "1"]
[SourceVersionDate "2015.06.18"]
[SourceQuality "1"]
[WhiteTeam "Burgas 64"]
[BlackTeam "Blagoevgrad Victory"]
[WhiteTeamCountry "BUL"]
[BlackTeamCountry "BUL"]

1. e4 c5 2. Nf3 Nc6 3. Nc3 g6 4. d4 cxd4 5. Nxd4 Bg7 6. Be3 Nf6 7. Bc4 0-0 8. 0-0 Nxe4 9. Nxe4 d5 10. Nxc6 bxc6 11. Bd3 dxe4 12. Bxe4 Qc7 13. c3 Rb8 14. Qe2 Qa5 15. Rfd1 Be6 16. Bxc6 Rfd8 17. Rxd8+ Rxd8 18. h3 h5 19. Be4 Rd6 20. a4 f5 21. Bf3 Bb3 22. Qb5 Qxb5 23. axb5 Bc4 24. Rxa7 Bxb5 25. Rxe7 1-0

[Event "Prague op-A 12th"]
[Site "Prague"]
[Date "2013.01.12"]
[Round "5"]
[White "Stoynov, Yordan"]
[Black "Kanovsky, David"]
[Result "0-1"]
[WhiteElo "2232"]
[BlackElo "2412"]
[PlyCount "76"]
[EventDate "2013.01.09"]
[EventType "swiss"]
[EventRounds "9"]
[EventCountry "CZE"]
[SourceTitle "CBM 152 Extra"]
[Source "ChessBase"]
[SourceDate "2013.02.25"]
[SourceVersion "1"]
[SourceVersionDate "2013.02.25"]
[SourceQuality "1"]

1. e4 c5 2. Nf3 Nc6 3. d4 cxd4 4. Nxd4 g6 5. Nc3 Bg7 6. Nde2 d6 7. g3 b5 8. Bg2 b4 9. Nd5 e6 10. Ne3 Ba6 11. a3 Qa5 12. 0-0 Nge7 13. e5 dxe5 14. Bd2 Qb5 15. c4 bxc3 16. Nxc3 Qb6 17. Na4 Qc7 18. Re1 Rd8 19. Qc1 Bb5 20. Nc5 Nd4 21. Ng4 h5 22. Ne4 Qxc1 23. Ngf6+ Kf8 24. Raxc1 Ne2+ 25. Rxe2 Bxe2 26. Bb4 Rd1+ 27. Rxd1 Bxd1 28. Bf1 Ba4 29. Bc5 g5 30. Be3 g4 31. b4 Bxf6 32. Nxf6 Kg7 33. Ne4 Rc8 34. b5 Nf5 35. Bxa7 Rc1 36. Kg2 Nd4 37. Nd6 Bd1 38. Bxd4 Bf3+ 0-1

[Event "BUL-chT2"]
[Site "Albena"]
[Date "2011.06.03"]
[Round "2.2"]
[White "Bonev, Todor"]
[Black "Stoynov, Yordan"]
[Result "0-1"]
[WhiteElo "2317"]
[BlackElo "2240"]
[PlyCount "68"]
[EventDate "2011.06.02"]
[EventType "team-tourn"]
[EventRounds "9"]
[EventCountry "BUL"]
[SourceTitle "CBM 142 Extra"]
[Source "ChessBase"]
[SourceDate "2011.06.27"]
[SourceVersion "1"]
[SourceVersionDate "2011.06.27"]
[SourceQuality "1"]
[WhiteTeam "Blagoevgrad Victory"]
[BlackTeam "Sofia Slavia"]
[WhiteTeamCountry "BUL"]
[BlackTeamCountry "BUL"]

1. e4 c5 2. Nf3 Nc6 3. d4 cxd4 4. Nxd4 e5 5. Nb5 a6 6. N5c3 Nf6 7. Bg5 Be7 8. Bc4 b5 9. Bxf6 Bxf6 10. Bb3 0-0 11. Nd5 b4 12. 0-0 Rb8 13. Qd3 Na5 14. Nd2 Bg5 15. Nf3 d6 16. Rfd1 g6 17. h3 h5 18. a3 bxa3 19. Rxa3 Bh6 20. Rxa5 Rxb3 21. Qxb3 Qxa5 22. Ne7+ Kg7 23. Rxd6 Qa1+ 24. Kh2 Qf1 25. Qb6 Bf4+ 26. g3 Bxg3+ 27. fxg3 Qxh3+ 28. Kg1 Qxg3+ 29. Kf1 Qxf3+ 30. Kg1 Qg3+ 31. Kf1 Qf4+ 32. Qf2 Bh3+ 33. Ke1 Qxe4+ 34. Kd2 Qb4+ 0-1

[Event "Sliven op 16th"]
[Site "Sliven"]
[Date "2009.09.05"]
[Round "4"]
[White "Stoynov, Yordan"]
[Black "Kozhuharov, Spas"]
[Result "1/2-1/2"]
[WhiteElo "2258"]
[BlackElo "2391"]
[PlyCount "50"]
[EventDate "2009.09.04"]
[EventType "swiss"]
[EventRounds "9"]
[EventCountry "BUL"]
[SourceTitle "CBM 132 Extra"]
[Source "ChessBase"]
[SourceDate "2009.11.03"]
[SourceVersion "1"]
[SourceVersionDate "2009.11.03"]
[SourceQuality "1"]

1. e4 c5 2. Nf3 d6 3. d4 cxd4 4. Nxd4 Nf6 5. Nc3 Nc6 6. g3 g6 7. Nde2 Bg7 8. Bg2 0-0 9. h3 Rb8 10. a4 a6 11. 0-0 b5 12. axb5 axb5 13. Be3 b4 14. Nd5 Nd7 15. Ra2 e6 16. Ndf4 Nc5 17. b3 Bb7 18. Nd3 Qe7 19. Qd2 Nxd3 20. Qxd3 f5 21. f4 fxe4 22. Bxe4 d5 23. Bg2 Ra8 24. Rxa8 Rxa8 25. Re1 Ra2 1/2-1/2

[Event "Sofia IVIS op"]
[Site "Sofia"]
[Date "2008.10.17"]
[Round "7"]
[White "Andreev, Dobrotich"]
[Black "Stoynov, Yordan"]
[Result "0-1"]
[WhiteElo "2119"]
[BlackElo "2275"]
[PlyCount "52"]
[EventDate "2008.10.12"]
[EventType "swiss"]
[EventRounds "9"]
[EventCountry "BUL"]
[SourceTitle "EXT 2009"]
[Source "ChessBase"]
[SourceDate "2008.11.26"]
[SourceVersion "1"]
[SourceVersionDate "2008.11.26"]
[SourceQuality "1"]

1. e4 c5 2. Nf3 Nc6 3. d4 cxd4 4. Nxd4 Qb6 5. Nb3 Nf6 6. Be3 Qb4+ 7. Qd2 Nxe4 8. Qxb4 Nxb4 9. Na3 a6 10. 0-0-0 e6 11. Be2 Nxa2+ 12. Kb1 Nac3+ 13. bxc3 Bxa3 14. Ka2 Be7 15. Bd4 Bf6 16. Bxf6 gxf6 17. Rde1 Nxc3+ 18. Kb2 Nxe2 19. Rxe2 d6 20. Rd1 Ke7 21. Nd4 e5 22. h3 Be6 23. f4 exd4 24. f5 Rac8 25. Rxd4 Rc5 26. g4 Re5 0-1

[Event "Sofia IVIS op"]
[Site "Sofia"]
[Date "2008.10.14"]
[Round "4"]
[White "Stoynov, Yordan"]
[Black "Orev, Petar"]
[Result "0-1"]
[WhiteElo "2275"]
[BlackElo "2206"]
[PlyCount "119"]
[EventDate "2008.10.12"]
[EventType "swiss"]
[EventRounds "9"]
[EventCountry "BUL"]
[SourceTitle "EXT 2009"]
[Source "ChessBase"]
[SourceDate "2008.11.26"]
[SourceVersion "1"]
[SourceVersionDate "2008.11.26"]
[SourceQuality "1"]

1. e4 d5 2. exd5 Nf6 3. Bb5+ Bd7 4. Bc4 Bg4 5. f3 Bc8 6. Nc3 Nbd7 7. Nge2 Nb6 8. Bb3 Nbxd5 9. Nxd5 Nxd5 10. d4 e6 11. 0-0 Be7 12. c4 Nf6 13. Be3 0-0 14. Qd2 b6 15. Rfd1 Bb7 16. Nf4 Rc8 17. Qf2 Qe8 18. g4 h6 19. Nd3 Nd7 20. Ba4 c6 21. Ne5 Bd6 22. f4 f6 23. Nf3 b5 24. Bc2 g5 25. fxg5 fxg5 26. c5 Bf4 27. Rf1 Nf6 28. Bxf4 Nxg4 29. Qg3 Rxf4 30. Nxg5 Rxd4 31. Nf7 Qf8 32. Nd6 Qg7 33. Rf7 Qg5 34. Bh7+ Kh8 35. Rxb7 Qxc5 36. Qc3 Qxd6 37. Qg3 Qxg3+ 38. hxg3 Nf6 39. Bc2 Rg8 40. Rf1 Rxg3+ 41. Kf2 Rg7 42. Ke3 Rdd7 43. Rb8+ Rg8 44. Rxf6 Rxb8 45. Rxe6 c5 46. Rxh6+ Kg8 47. Bf5 Re7+ 48. Kf4 Rb6 49. Rh2 c4 50. Rg2+ Kf8 51. Rd2 Ke8 52. Kg5 Rg7+ 53. Kf4 Rc7 54. Re2+ Kd8 55. Rd2+ Ke7 56. Re2+ Kd6 57. Re6+ Kc5 58. Re5+ Kb4 59. Bc2 Rf6+ 60. Ke3 0-1

[Event "BUL-chT"]
[Site "Varna"]
[Date "1995.??.??"]
[Round "2"]
[White "Dochev, Dimitar"]
[Black "Stoynov, Yordan"]
[Result "1-0"]
[WhiteElo "2430"]
[BlackElo "2320"]
[PlyCount "75"]
[EventDate "1995.??.??"]
[EventType "team"]
[EventRounds "7"]
[EventCountry "BUL"]
[SourceTitle "EXT 2002"]
[Source "ChessBase"]
[SourceDate "2001.11.25"]
[SourceVersion "1"]
[SourceVersionDate "2001.11.25"]
[SourceQuality "1"]

1. e4 c5 2. Nf3 Nc6 3. d4 cxd4 4. Nxd4 Nf6 5. Nc3 d6 6. Bc4 Qb6 7. Nb3 e6 8. 0-0 Be7 9. Bg5 0-0 10. Bxf6 Bxf6 11. Qxd6 Rd8 12. Qc5 Qxc5 13. Nxc5 b6 14. Nb3 Nb4 15. Rfc1 Bb7 16. a3 Rac8 17. axb4 Bxc3 18. bxc3 Rxc4 19. f3 Rxc3 20. Rxa7 Bc8 21. Ra8 g5 22. Rb8 Rd6 23. e5 Rd5 24. Rxb6 Bd7 25. Nc5 Kg7 26. Rb7 Bc6 27. Rc7 Rdxc5 28. bxc5 Bd5 29. Kf2 h5 30. Ke2 Kg6 31. Kd2 Rc4 32. Ra1 g4 33. fxg4 Rd4+ 34. Kc3 Rxg4 35. Rf1 Rxg2 36. h4 Rg3+ 37. Kb2 Bf3 38. c6 1-0

[Event "Budapest Spring op 08th"]
[Site "Budapest"]
[Date "1992.??.??"]
[Round "?"]
[White "Eismont, Oleg"]
[Black "Stoynov, Yordan"]
[Result "1-0"]
[WhiteElo "2410"]
[BlackElo "2345"]
[PlyCount "49"]
[EventDate "1992.03.??"]
[EventType "swiss"]
[EventRounds "9"]
[EventCountry "HUN"]
[SourceTitle "CBM 030 Extra"]
[Source "ChessBase"]
[SourceDate "1992.11.01"]
[SourceVersion "1"]
[SourceVersionDate "1992.11.01"]
[SourceQuality "1"]

1. e4 c5 2. Nc3 Nc6 3. Nf3 g6 4. d4 cxd4 5. Nxd4 Bg7 6. Be3 Nf6 7. Bc4 0-0 8. 0-0 d6 9. h3 Bd7 10. Bb3 Nxd4 11. Bxd4 Bc6 12. Qd3 a5 13. a4 Nd7 14. Bxg7 Kxg7 15. Qd4+ f6 16. Rfe1 Qb6 17. Qxb6 Nxb6 18. Nd5 Bxd5 19. exd5 Rfe8 20. Rad1 Nd7 21. Bc4 Ne5 22. Bb5 Rec8 23. f4 Nf7 24. Rxe7 Rxc2 25. Be8 1-0

[Event "Metz op 09th"]
[Site "Metz"]
[Date "1991.??.??"]
[Round "?"]
[White "Rubene, Ilze"]
[Black "Stoynov, Yordan"]
[Result "1-0"]
[WhiteElo "2330"]
[BlackElo "2345"]
[PlyCount "101"]
[EventDate "1991.04.23"]
[EventType "swiss"]
[EventRounds "9"]
[EventCountry "FRA"]
[SourceTitle "EXT 2002"]
[Source "ChessBase"]
[SourceDate "2001.11.25"]
[SourceVersion "1"]
[SourceVersionDate "2001.11.25"]
[SourceQuality "1"]

1. Nf3 d6 2. d4 Bg4 3. e4 Nf6 4. Nc3 e6 5. h3 Bh5 6. Bg5 Be7 7. Bd3 Nbd7 8. Qe2 c6 9. g4 Bg6 10. Bd2 Qc7 11. 0-0-0 0-0-0 12. Nh4 Bxe4 13. Nxe4 Nxe4 14. Qxe4 d5 15. Qf3 Bxh4 16. Qxf7 Rde8 17. g5 g6 18. Kb1 Qd6 19. Rdf1 e5 20. dxe5 Nxe5 21. Qf4 Nc4 22. Qg4+ Qd7 23. Bxc4 dxc4 24. Bc3 Qxg4 25. hxg4 Bxg5 26. Bxh8 Rxh8 27. f4 Bd8 28. c3 h5 29. f5 h4 30. f6 g5 31. Rf5 Rf8 32. Rxg5 Rxf6 33. Rg8 Kc7 34. g5 Rf5 35. g6 Rg5 36. a4 Rg2 37. Rf1 Be7 38. Rf7 Kd6 39. Rh7 b5 40. axb5 cxb5 41. Ra8 Rxg6 42. Rxa7 Rg1+ 43. Ka2 Re1 44. Rh6+ Kc5 45. Rc7+ Kd5 46. Rh5+ Ke6 47. Rxb5 Re4 48. Rc6+ Kf7 49. Rd5 Bf6 50. Rf5 Re6 51. Rxc4 1-0

[Event "Prague op"]
[Site "Prague"]
[Date "1989.??.??"]
[Round "8"]
[White "Stoynov, Yordan"]
[Black "Ambartsoumian, Armen"]
[Result "0-1"]
[WhiteElo "2300"]
[BlackElo "2350"]
[PlyCount "98"]
[EventDate "1989.??.??"]
[EventType "swiss"]
[EventRounds "9"]
[EventCountry "CZE"]
[SourceTitle "EXT 1997"]
[Source "ChessBase"]
[SourceDate "1996.11.15"]
[SourceVersion "1"]
[SourceVersionDate "1996.11.15"]
[SourceQuality "1"]

1. e4 c5 2. Nf3 Nc6 3. d4 cxd4 4. Nxd4 e5 5. Nb5 d6 6. N1c3 a6 7. Na3 b5 8. Nd5 Nf6 9. Bg5 Be7 10. Bxf6 Bxf6 11. c3 Bg5 12. Nc2 Rb8 13. Bd3 0-0 14. 0-0 Ne7 15. Nxe7+ Qxe7 16. Nb4 Bb7 17. Qe2 g6 18. c4 a5 19. Nd5 Bxd5 20. cxd5 Qd7 21. b4 a4 22. Rab1 Rfc8 23. Rb2 Rc3 24. Rc2 Rbc8 25. Rxc3 Rxc3 26. Bxb5 Qa7 27. Rd1 a3 28. g3 Qb6 29. Kg2 h5 30. h4 Bc1 31. Qe1 Bb2 32. Qe2 Kg7 33. Kf1 Qb8 34. Kg2 Rc7 35. Bc6 Qxb4 36. Qd3 Ra7 37. Rd2 Bd4 38. Rd1 Ra5 39. Rb1 Bb2 40. Qf3 Qc4 41. Be8 Ra7 42. Rf1 Qxa2 43. g4 Re7 44. gxh5 Qc4 45. hxg6 fxg6 46. h5 Qc8 47. Bxg6 a2 48. Bf5 Qf8 49. h6+ Kh8 0-1

[Event "Prague op"]
[Site "Prague"]
[Date "1989.??.??"]
[Round "7"]
[White "Stoynov, Yordan"]
[Black "Pogorelov, Ruslan"]
[Result "1/2-1/2"]
[WhiteElo "2300"]
[BlackElo "2355"]
[PlyCount "113"]
[EventDate "1989.??.??"]
[EventType "swiss"]
[EventRounds "9"]
[EventCountry "CZE"]
[SourceTitle "EXT 1997"]
[Source "ChessBase"]
[SourceDate "1996.11.15"]
[SourceVersion "1"]
[SourceVersionDate "1996.11.15"]
[SourceQuality "1"]

1. e4 c5 2. Nf3 e6 3. d4 cxd4 4. Nxd4 Nc6 5. Nc3 d6 6. g3 Nf6 7. Bg2 Bd7 8. 0-0 Be7 9. Be3 0-0 10. Nxc6 Bxc6 11. a4 Qd7 12. Qe2 b6 13. a5 b5 14. e5 Bxg2 15. Kxg2 dxe5 16. Qxb5 Qc7 17. Ra4 Rfc8 18. Qa6 Nd5 19. Nxd5 exd5 20. c3 Qd7 21. Raa1 Bc5 22. Bxc5 Rxc5 23. Qd3 Qb7 24. Qd2 d4+ 25. Kg1 dxc3 26. bxc3 Qc7 27. a6 Rd8 28. Qb2 Rb8 29. Qd2 Rxc3 30. Rab1 Rxb1 31. Rxb1 g6 32. Qh6 Rc6 33. Rb7 Rc1+ 34. Kg2 Qc6+ 35. Kh3 Qe6+ 36. Kg2 Qc6+ 37. Kh3 Qxa6 38. Rxf7 Qe6+ 39. Kg2 Qxf7 40. Qxc1 Qd5+ 41. Kg1 Qd7 42. Qc5 Qd4 43. Qe7 Qd1+ 44. Kg2 Qd5+ 45. Kg1 Qf7 46. Qxe5 Qb7 47. Qe8+ Kg7 48. Qe5+ Kf7 49. Qf4+ Ke8 50. Qe5+ Qe7 51. Qb8+ Kf7 52. Qf4+ Kg8 53. Qc4+ Qf7 54. Qc8+ Kg7 55. Qc3+ Kg8 56. Qc8+ Kg7 57. Qc3+ 1/2-1/2